| 000 | 00483ntaaa2200181 4500 | ||
|---|---|---|---|
| 003 | 01 | ||
| 005 | 20251027201219.0 | ||
| 008 | 0714s1973 ag 01 | ||
| 040 |
_aAR-BaBN _bspa _cAR-BaBN _eaacr _dRIC |
||
| 082 | _a220.7 T85 | ||
| 100 |
_aTurner, Carlos _910113 |
||
| 245 |
_aLibro desconocido / _cCarlos Turner |
||
| 250 |
_a1 ed. : _bAurora, _c1943 |
||
| 300 | _a170 p. | ||
| 500 | _aLa Biblia, carta magna del cristianismo y de la humanidad. | ||
| 650 |
_aBiblia _9468 |
||
| 942 | _cBK | ||
| 999 |
_c6455 _d6455 |
||